Quelles sont les 7 merveilles du monde antique? - Statistiques

Statistiques générales
  • Ce quiz a été pris 282 fois
  • Le résultat moyen est 4 sur 7
Answers on the Grid
Answers color-coded by a green-red scale on the quiz's grid according to % correct below.
La Sagrada Familia
Les pyramides de Gizeh
Le Macchu Piccu
L'Atlantide
Les jardins suspendus de Babylone
Le Temple d'Artémis
La grande muraille de Chine
Le Christ rédempteur
Le Colisée de Rome
Le mausolée d’Halicarnasse
Le Kremlin
La statue de Zeus à Olympie
Le Taj Mahal
L'acropole d'Athènes
Le Mont Saint Michel
Le phare d'Alexandrie
Chichén Itzá
La statue de la liberté
Le colosse de Rhodes
Stonehenge
 
Statistiques - réponses
Réponse % Correct
Les pyramides de Gizeh
83%
Les jardins suspendus de Babylone
78%
Le colosse de Rhodes
62%
Le phare d'Alexandrie
60%
Le Temple d'Artémis
55%
La statue de Zeus à Olympie
54%
Le mausolée d’Halicarnasse
47%
Aucun quiz correspondant
Distribution des résultats
% des personnes avec chaque résultat
Percentile par nombre de réponses
Votre historique - résultats
Vous n’avez pas pris ce quiz